| 000 | 00572nam a2200193Ia 4500 | ||
|---|---|---|---|
| 005 | 20250508163736.0 | ||
| 008 | 008 250505s9999 xx 000 0 hin d | ||
| 020 | _a81-7024-759-4 (Set) | ||
| 037 | _aReference | ||
| 040 |
_aFEDL _beng _cFEDL |
||
| 041 |
_ahin _2eng |
||
| 084 |
_a370.193, THY _qFEDL |
||
| 100 |
_aThyongo Ngugi Wa _9776170 |
||
| 245 | 0 | _aOopniveyshik maansikta se mukti: Shiksha aur sanskriti ki rajniti | |
| 260 |
_aDelhi, India _bGranth Shilpi _c1999 |
||
| 300 | _a163p. | ||
| 942 |
_cREF _h370.193, THY |
||
| 999 |
_c1385000 _d1385000 |
||